|
|
|
|
| LEADER |
00000cam a22000004a 4500 |
| 001 |
musev2_77882 |
| 003 |
MdBmJHUP |
| 005 |
20230905052034.0 |
| 006 |
m o d |
| 007 |
cr||||||||nn|n |
| 008 |
100406t20062006scu o 00 0 eng d |
| 020 |
|
|
|a 9781643361727
|
| 020 |
|
|
|z 9781570036163
|
| 020 |
|
|
|z 9781570036170
|
| 035 |
|
|
|a (OCoLC)1273306639
|
| 040 |
|
|
|a MdBmJHUP
|c MdBmJHUP
|
| 245 |
0 |
0 |
|a Proslavery and Sectional Thought in the Early South, 1740-1829 :
|b An Anthology /
|c edited by Jeffrey Robert Young.
|
| 264 |
|
1 |
|a Columbia :
|b University of South Carolina Press,
|c op. 2006.
|
| 264 |
|
3 |
|a Baltimore, Md. :
|b Project MUSE,
|c 2021
|
| 264 |
|
4 |
|c ©op. 2006.
|
| 300 |
|
|
|a 1 online resource (272 pages).
|
| 336 |
|
|
|a text
|b txt
|2 rdacontent
|
| 337 |
|
|
|a computer
|b c
|2 rdamedia
|
| 338 |
|
|
|a online resource
|b cr
|2 rdacarrier
|
| 588 |
|
|
|a Description based on print version record.
|
| 650 |
|
7 |
|a christianisme
|x esclavagisme
|x racisme
|x regionalisme
|z Etats-Unis
|x sud
|y 1740
|x 1829
|v document.
|2 rero
|
| 650 |
|
7 |
|a États-Unis (sud)
|x Politique et gouvernement
|x Histoire
|x Sources.
|2 ram
|
| 650 |
|
7 |
|a Esclavage
|z États-Unis
|x Histoire
|x Sources.
|2 ram
|
| 655 |
|
7 |
|a Electronic books.
|2 local
|
| 700 |
1 |
|
|a Young, Jeffrey Robert,
|e Éditeur scientifique.
|
| 710 |
2 |
|
|a Project Muse.
|e distributor
|
| 830 |
|
0 |
|a Book collections on Project MUSE.
|
| 856 |
4 |
0 |
|z Texto completo
|u https://projectmuse.uam.elogim.com/book/77882/
|
| 945 |
|
|
|a Project MUSE - Custom Collection
|